000 00753nam a22001695a 4500
020 _a9789715601542 (hard)
020 _a9789715601528 (pbk.)
040 _cDLC
082 _aSEA SAJ 2012 C336 Or.
100 1 _aSajise, Percy E.,
245 1 0 _aEcology, environment, and sustainable development :
_breflections spanning five decades /
260 _aCollege, Los Baños, Laguna, Philippines :
_bSoutheast Asian Regional Center for Graduate Study and Research in Agriculture :
_bUniversity of the Philippines Los Baños,
_cc2012.
300 _ax, 151 p. :
_bill. (some col.) ;
_c24 cm.
710 2 _aSoutheast Asian Regional Centre for Graduate Study and Research in Agriculture.
710 2 _aUniversity of the Philippines at Los Baños.
942 _cAEDBB
999 _c22012
_d22012